We're going on a bear hunt / (Record no. 9735)
[ view plain ]
| 000 -LEADER | |
|---|---|
| fixed length control field | 00994nam a22003017a 4500 |
| 001 - CONTROL NUMBER | |
| control field | 9735 |
| 003 - CONTROL NUMBER IDENTIFIER | |
| control field | FISKH |
| 005 - DATE AND TIME OF LATEST TRANSACTION | |
| control field | 20260130161736.0 |
| 008 - FIXED-LENGTH DATA ELEMENTS--GENERAL INFORMATION | |
| fixed length control field | 260130b cb ||||| |||| 00| 0 eng d |
| 020 ## - INTERNATIONAL STANDARD BOOK NUMBER | |
| International Standard Book Number | 9780744523232 |
| 040 ## - CATALOGING SOURCE | |
| Original cataloging agency | FISKH |
| Language of cataloging | eng |
| Transcribing agency | FISKH |
| Modifying agency | FISKH |
| 050 ## - LIBRARY OF CONGRESS CALL NUMBER | |
| Classification number | PZ7 .R71867 .W |
| 082 ## - DEWEY DECIMAL CLASSIFICATION NUMBER | |
| Classification number | 823.914 |
| 100 ## - MAIN ENTRY--PERSONAL NAME | |
| Personal name | Rosen , Michael |
| 245 ## - TITLE STATEMENT | |
| Title | We're going on a bear hunt / |
| Statement of responsibility, etc. | By Michael Rosen and Helen Oxenbury |
| 250 ## - EDITION STATEMENT | |
| Edition statement | First published 1989 |
| 260 ## - PUBLICATION, DISTRIBUTION, ETC. | |
| Place of publication, distribution, etc. | London : |
| Name of publisher, distributor, etc. | Walker Books , |
| Date of publication, distribution, etc. | 1989 . |
| 300 ## - PHYSICAL DESCRIPTION | |
| Extent | 38 unnumbered pages : |
| Other physical details | color illustrations ; |
| Dimensions | 24 X 27 cm . |
| 505 ## - FORMATTED CONTENTS NOTE | |
| Formatted contents note | E <br/> |
| 520 ## - SUMMARY, ETC. | |
| Summary, etc. | Brave bear hunters go through grass, a river, mud, and other obstacles before the inevitable encounter with the bear forces a headlong retreat. |
| 521 8# - TARGET AUDIENCE NOTE | |
| Target audience note | 280 <br/> |
| Source | Lexile <br/> |
| 521 8# - TARGET AUDIENCE NOTE | |
| Target audience note | E <br/> |
| Source | Raz-Plus <br/> |
| 650 ## - SUBJECT ADDED ENTRY--TOPICAL TERM | |
| Topical term or geographic name entry element | Movement |
| Form subdivision | Fiction |
| 650 ## - SUBJECT ADDED ENTRY--TOPICAL TERM | |
| Topical term or geographic name entry element | Onomatopoeia |
| Form subdivision | Fiction |
| 700 ## - ADDED ENTRY--PERSONAL NAME | |
| Personal name | Oxenbury , Helen |
| Relator term | Illustrator |
| 942 ## - ADDED ENTRY ELEMENTS (KOHA) | |
| Source of classification or shelving scheme | Dewey Decimal Classification |
| Koha item type | Books |
| Suppress in OPAC | No |
| Withdrawn status | Lost status | Source of classification or shelving scheme | Damaged status | Not for loan | Collection | Home library | Current library | Shelving location | Date acquired | Total Checkouts | Full call number | Barcode | Date last seen | Date last checked out | Price effective from | Koha item type |
|---|---|---|---|---|---|---|---|---|---|---|---|---|---|---|---|---|
| Dewey Decimal Classification | Juvenile Fiction | Footprints International School Library Network Toul Tom Poung Campus | Footprints International School Library Network Toul Tom Poung Campus | TTP Primary Green Bookshelves | 01/30/2026 | 2 | ROS 823.914 PZ7 .R71867 .W | FISBT000131 | 04/23/2026 | 03/26/2026 | 01/30/2026 | Books |
